000 00509nam a2200169 i 4500
001 63638
003 ES-MaACL
005 20230906164930.0
007 t|
008 031215s1929 it ||||1| ita d
100 1 _aFeuillet, Octave.
_950641
245 1 3 _aIl romanzo di un giovane povero /
_cOttavio Feuillet ; nuova traduzione integrale di G.A. Marolla.
260 _aMilano :
_bA. Barion,
_c1929.
300 _a173 p. ;
_c19 cm.
700 1 _aMarolla, G. A.
_976955
852 _aES-MaACL
_jC-26209
_bR.55243
999 _c63638
_d63638